000 00590nam a2200241Ia 4500
003 OSt
005 20221007072719.0
006 a|||||r|||| 00| 0
007 ta
008 221006b |||||||| |||| 00| 0 eng d
024 _a24,223
037 _cTextual
040 _aFLL
_cFLL
_beng
041 _2eng
_aeng
082 _aZ3:35, L0
100 _aGeorge E. F.
245 0 _aSale of flats
250 _a3rd
260 _aLondon
_bSweet & Maxwell UK
_c1970
300 _axxiii,344p
_ccm.
942 _hZ3:35, L0
_cTEXL
_2CC
999 _c1146787
_d1146787